[Event "Nordic-ch U13 Girls"]
[Site "Alta"]
[Date "2016.04.30"]
[Round "4"]
[White "Wass, Elsa"]
[Black "Birkisdottir, Freyja"]
[Result "1-0"]
[WhiteElo "1122"]
[BlackElo "1158"]
[PlyCount "119"]
[EventDate "2016.04.29"]
[EventType "swiss"]
[EventRounds "5"]
[EventCountry "NOR"]
[SourceTitle "EXT 2024"]
[Source "ChessBase"]
[SourceDate "2023.10.10"]
[SourceVersion "1"]
[SourceVersionDate "2023.10.10"]
[SourceQuality "1"]

1. e4 c5 2. Nf3 Nc6 3. Bb5 a6 4. Bxc6 dxc6 5. d3 b5 6. Be3 e6 7. 0-0 Bd6 8. Nbd2 Qc7 9. h3 Nf6 10. d4 cxd4 11. Bxd4 e5 12. Be3 Bb7 13. Bg5 Be7 14. Bxf6 Bxf6 15. Qe2 0-0 16. Rad1 Rad8 17. a3 c5 18. b3 Qa5 19. Nb1 Qb6 20. Qe3 Qc6 21. Nc3 b4 22. Nd5 bxa3 23. Ra1 Qe6 24. c4 Bxd5 25. cxd5 Qb6 26. Rxa3 Be7 27. Nxe5 Qb7 28. Nc4 Rc8 29. Na5 Qb4 30. Nc6 Rxc6 31. Ra4 Qb5 32. dxc6 Qxc6 33. Qe2 Ra8 34. Rfa1 Rb8 35. Rxa6 Qe8 36. Qa2 Bf6 37. Re1 h6 38. Qa4 Qd8 39. Rb1 Be5 40. Qc4 Rb4 41. Qxc5 Rxe4 42. Qc6 Rb4 43. Ra8 Rb8 44. Rxb8 Qxb8 45. b4 Qd8 46. b5 Qb8 47. b6 Bh2+ 48. Kh1 Kf8 49. g3 Ke7 50. Qc7+ Qxc7 51. bxc7 Kd7 52. Kxh2 Kxc7 53. Rd1 f5 54. Kg2 g5 55. h4 g4 56. f3 h5 57. fxg4 fxg4 58. Kf2 Kc6 59. Ke3 Kc5 60. Ke4 1-0

[Event "Nordic-ch U13 Girls"]
[Site "Alta"]
[Date "2016.04.29"]
[Round "2"]
[White "Skaslien, Ingrid"]
[Black "Wass, Elsa"]
[Result "1-0"]
[WhiteElo "1498"]
[BlackElo "1122"]
[PlyCount "95"]
[EventDate "2016.04.29"]
[EventType "swiss"]
[EventRounds "5"]
[EventCountry "NOR"]
[SourceTitle "EXT 2024"]
[Source "ChessBase"]
[SourceDate "2023.10.10"]
[SourceVersion "1"]
[SourceVersionDate "2023.10.10"]
[SourceQuality "1"]

1. d4 d5 2. c4 e6 3. Nc3 Nf6 4. Bg5 Be7 5. e3 0-0 6. Bd3 b6 7. cxd5 exd5 8. Nf3 Be6 9. 0-0 Bg4 10. Be2 c6 11. Ne5 Bxe2 12. Qxe2 Ne4 13. Bxe7 Nxc3 14. bxc3 Qxe7 15. c4 c5 16. Qf3 Nd7 17. Qxd5 Nxe5 18. Qxe5 Qxe5 19. dxe5 Rfe8 20. f4 Rad8 21. Rad1 f6 22. exf6 gxf6 23. Kf2 a6 24. a4 Kg7 25. Ke2 Kg6 26. g4 Rd4 27. Rxd4 cxd4 28. Kd3 dxe3 29. Re1 h6 30. Rxe3 Rc8 31. Kc3 b5 32. axb5 axb5 33. Re4 bxc4 34. Rxc4 Rxc4+ 35. Kxc4 f5 36. h3 Kf6 37. Kd5 Kf7 38. gxf5 Kf8 39. Ke6 Ke8 40. f6 h5 41. f7+ Kf8 42. h4 Kg7 43. Ke7 Kh7 44. f8Q Kg6 45. Qg8+ Kh6 46. Qg5+ Kh7 47. Kf7 Kh8 48. Qg7# 1-0